000 00460nam a22001697a 4500
003 MPLRDC
005 20220104124058.0
008 210129b ||||| |||| 00| 0 eng d
082 _a544.5 JMWW-2
100 _a将门文物出版有限公司编辑部
245 _a如何做个杰出的女性
_c
260 _a
_b将门文物出版有限公司
_c1992
300 _b
490 _a真善美书系
650 _a妇女; 女性
942 _cBK
_o544.5 JMWW-2
999 _c16474
_d16464